书目信息 |
| 题名: |
丙烯氯化法制甘油
|
|
| 作者: | ;北京市油漆厂 编 | |
| 分册: | ||
| 出版信息: | 北京 燃料化学工业出版社 1974 |
|
| 页数: | 236页 | |
| 开本: | 20cm | |
| 丛书名: | ||
| 单 册: | ||
| 中图分类: | TQ41 | |
| 科图分类: | ||
| 主题词: | 溶剂--生产 , 增塑剂--生产 | |
| 电子资源: | ||
| ISBN: | ||
| 000 | 00631nam0 2200217 450 | |
| 001 | 0631498890 | |
| 005 | 20060516084735.12 | |
| 010 | @dCNY0.62 | |
| 091 | @a15063.内605(化-161) | |
| 100 | @a20060516d1974 km y0chiy0120 ea | |
| 101 | 0 | @achi |
| 102 | @aCN@b110000 | |
| 200 | 1 | @a丙烯氯化法制甘油@Abing xi lu hua fa zhi gan you@f北京市油漆厂编@Fbei jing shi you qi chang bian |
| 210 | @a北京@c燃料化学工业出版社@d1974 | |
| 215 | @a236页@d20cm | |
| 606 | 0 | @a溶剂@x生产 |
| 606 | 0 | @a增塑剂@x生产 |
| 690 | @aTQ41@v3 | |
| 711 | 0 | @a北京市油漆厂@Abei jing shi you qi chang@4编 |
| 801 | 0 | @aCN@bPFT@c20060516 |
| 905 | @a10447@dTQ41@e1 | |
| 丙烯氯化法制甘油/北京市油漆厂编.-北京:燃料化学工业出版社,1974 |
| 236页;20cm |
| ISBN :CNY0.62 |
| ● |
| 相关链接 |
|
|
|
|
正题名:丙烯氯化法制甘油
索取号:TQ41/1
 
预约/预借
| 序号 | 登录号 | 条形码 | 馆藏地/架位号 | 状态 | 备注 |
| 1 | 0017226 | 202351819 | 密集书库/ [索取号:TQ41/1] | 在馆 |